MARC

LEADER 00000nam0a2200000 4500
001 348444
005 20231102010117.0
035 |a (RuTPU)RU\TPU\retro\111 
090 |a 348444 
100 |a 20180219d1978 km y0rusy50 ca 
101 0 |a rus 
102 |a RU 
105 |a a z 001zy 
200 1 |a Крепь вертикальных стволов шахт  |f Н. С. Булычев, Х. И. Абрамсон 
210 |a Москва  |c Недра  |d 1978 
215 |a 301 с.  |c ил. 
320 |a Библиогр.: с. 291-299 
606 1 |a Крепь вертикальных стволов  |2 stltpush  |3 (RuTPU)RU\TPU\subj\16230  |9 42377 
610 1 |a техника крепления 
610 1 |a шахтные стволы 
610 1 |a условия работы 
610 1 |a набрызгбетонная крепь 
610 1 |a бетонная крепь 
610 1 |a железобетонная крепь 
610 1 |a чугунная крепь 
610 1 |a комбинированная крепь 
610 1 |a податливая крепь 
610 1 |a устья 
610 1 |a сопряжения 
610 1 |a гидроизоляция 
610 1 |a конструкции 
610 1 |a повреждения 
610 1 |a технологические схемы 
610 1 |a расчет 
675 |a 622.283  |v 4 
700 1 |a Булычев  |b Н. С.  |g Николай Спиридонович 
701 1 |a Абрамсон  |b Х. И.  |g Ханан Исаакович 
801 1 |a RU  |b 63413507  |c 20180219 
801 2 |a RU  |b 63413507  |c 20180220  |g RCR 
942 |c BK